000 00678nam a22002177a 4500
999 _c9409
_d9409
003 AR-CdUCM
008 190328b ||||| |||| 00| 0 spa d
020 _a978-612-4299-29-2
040 _aMUNICIPALIDAD PROVINCIAL DEL CUSCO
_cBIBLIOTECA MUNICIPAL DEL CUSCO
082 _aEP / 808.06
_bP26
100 _aParedes, Mauricio
_925582
245 _a¡Ay, cuánto me quiero !
260 _aLima :
_bLoqueleo,
_c2017.
300 _a59 páginas ;
_bilustraciones a color,
_c20 cm.
650 _aNarrativa
_967
650 _aCuentos infantiles peruanos
_93914
650 _aSiglo XX
_98
700 _aLaymuns, Verónica (Ilustraciones)
_925583
942 _2ddc
_cLIBROS
945 _araen